Online
Catalog

Preparación y control de las actividades escolares / (Record no. 19877)

MARC details
000 -CABECERA
campo de control de longitud fija 00588nam a2200181 u 4500
001 - NÚMERO DE CONTROL
campo de control 000020373
005 - FECHA Y HORA DE LA ÚLTIMA TRANSACCIÓN
campo de control 20200929170405.0
008 - DATOS DE LONGITUD FIJA--INFORMACIÓN GENERAL
campo de control de longitud fija 100806s1957 dr r 000 0 spa d
040 ## - FUENTE DE LA CATALOGACIÓN
Centro catalogador/agencia de origen DO-SdBNP
Lengua de catalogación spa
Centro/agencia transcriptor BNPHU
082 ## - NÚMERO DE LA CLASIFICACIÓN DECIMAL DEWEY
Número de clasificación 371
Número de documento/Ítem A786p, 1957
100 1# - ENTRADA PRINCIPAL--NOMBRE DE PERSONA
Nombre de persona Artero Bernad, Félix
9 (RLIN) 43033
245 10 - MENCIÓN DE TÍTULO
Título Preparación y control de las actividades escolares /
Mención de responsabilidad, etc. Félix Artero Bernad.
250 ## - MENCIÓN DE EDICIÓN
Mención de edición 2a ed.
260 ## - PUBLICACIÓN, DISTRIBUCIÓN, ETC.
Lugar de publicación, distribución, etc. México :
Nombre del editor, distribuidor, etc. Herrero,
Fecha de publicación, distribución, etc. 1957.
300 ## - DESCRIPCIÓN FÍSICA
Extensión 197 p. ;
Dimensiones 20 cm.
504 ## - NOTA DE BIBLIOGRAFÍA, ETC.
Nota de bibliografía, etc. Incluye bibliografías [p. 191]
650 #4 - PUNTO DE ACCESO ADICIONAL DE MATERIA--TÉRMINO DE MATERIA
Término de materia o nombre geográfico como elemento de entrada Activides creativas y trabajo de clase
Subdivisión general Enseñanza
9 (RLIN) 43034

No items available.

Powered by Koha